Podnikatelská činnost ve stravování a hotelnictví /

Hlavní autor: Indrová, Jarmila
Korporativní autor: Vysoká škola ekonomická v Praze. Fakulta mezinárodních vztahů
Další autoři: Petrů, Zdenka, 1953-, Vaško, Martin
Jazyk: Čeština
Vydáno: Praha : Vysoká škola ekonomická, 1996
Vydání: 1. vyd.
Témata:
Externí odkaz: Digitalizovaný dokument
Fyzický popis: 106 s. ; 29 cm
Knihy
Uloženo v:
LEADER 01762nam a2200397 a 4500
001 000110451
003 CZ BrMZK
005 20080624095504.0
007 ta
008 960815s1996 xr f cze d
015 |a cnb000202871 
020 |a 80-7079-739-8 
035 |a (OCoLC)37252623 
040 |a BOA001  |b cze 
080 |a 64.024(075.8)  |2 MRF 
100 1 |a Indrová, Jarmila  |7 mzk2004265371  |4 aut 
245 1 0 |a Podnikatelská činnost ve stravování a hotelnictví /  |c Jarmila Indrová, Zdenka Petrů, Martin Vaško 
250 |a 1. vyd. 
260 |a Praha :  |b Vysoká škola ekonomická,  |c 1996 
300 |a 106 s. ;  |c 29 cm 
504 |a Obsahuje bibliografii 
521 8 |a Určeno pro inženýrské studium VŠE 
653 0 |a hotelnictví  |a podnikání  |a stravování 
700 1 |a Petrů, Zdenka,  |d 1953-  |7 jx20051128036  |4 aut 
700 1 |a Vaško, Martin  |7 mzk2003169445  |4 aut 
710 2 |a Vysoká škola ekonomická v Praze.  |b Fakulta mezinárodních vztahů  |7 kn20010709400 
856 4 1 |u http://www.digitalniknihovna.cz/mzk/uuid/uuid:9a2f7e60-2769-11e3-9319-005056827e51  |y Digitalizovaný dokument  |x NDK 
910 |a BOA001  |b 4-1027.047  |b TK-A-0260.377 
920 |a 000128020 
964 |a Hotelnictví  |x podnikání  |x učebnice  |x školy vysoké 
964 |a Podnikání  |x stravování  |x hotelnictví  |x učebnice  |x školy vysoké 
964 |a Stravování  |x podnikání  |x učebnice  |x školy vysoké 
990 |a BK 
996 7 |b 2610044836  |c 4-1027.047  |l MZK  |r Sklad / do 1 hodiny  |n 31  |p p.v.  |w 000110451  |u 000010  |a 1  |e BOA001  |j MZK50  |s A 
996 7 |b 2620006237  |c TK-A-0260.377  |l MZK  |r Sklad / do 24 hodin  |n 4  |p kup  |w 000110451  |u 000020  |a 1  |e BOA001  |j MZK50  |s A 
996 7 |b 2620006238  |c TK-A-0260.377  |l MZK  |r Sklad / do 24 hodin  |n 5  |p kup  |w 000110451  |u 000030  |a 1  |e BOA001  |j MZK50  |s A